000 00303cam a22001097a 4500
008 180718b1954 xxu||||| |||| 00| 0 eng d
082 _aB7103x5434 A/1954
100 _aRajasthan. Law Department
245 _aThe Rajasthan district boards act, 1954
260 _aJaipur
_bThe author
_c1954
300 _a70p.
999 _c488247
_d488247